| 000 | 00551nam a2200157 4500 | ||
|---|---|---|---|
| 001 | 140357 | ||
| 003 | ES-MaACL | ||
| 005 | 20230906200049.0 | ||
| 007 | t| | ||
| 008 | 070214s1979 sp r ||||1| spa d | ||
| 100 | 1 |
_aSegura, Francisco. _9105205 |
|
| 245 | 1 | 0 |
_aPolítica económica y social _b: a tiempos nuevos, ideas nuevas : el servicio obligatorio y gratuito de la tierra y del dinero / _cpor Francisco Segura. |
| 260 |
_a[Barcelona : _bs. n.], _c1979 ( _fAleu y Domingo) |
||
| 300 |
_a20 p. ; _c21 cm. |
||
| 852 |
_aES-MaACL _j2110-F-14 _bR.99163 |
||
| 999 |
_c140357 _d140357 |
||